Tram di Bergamo - Statistics

Statistiche generali
  • Questo quiz è stato fatto 28 volte
  • Il punteggio medio è 11 su 16
Statistiche sulle risposte
Risposta % Corretto
Albino
93%
Bergamo Borgo Palazzo
93%
Torre Boldone
86%
Pradalunga
79%
Ranica
79%
Alzano centro
71%
Alzano sopra
71%
Bergamo Martinella
71%
Nembro centro
71%
Bergamo FS
64%
Bergamo Negrisoli
64%
Bergamo Redona
64%
Nembro Camozzi
64%
Nembro Saletti
64%
Bergamo Bianzana
57%
Bergamo San Fermo
50%
Nessun quiz corrispondente trovato
Distribuzione punteggi
Percentuale di utenti per punteggio
Percentile per numero di risposta
I tuoi punteggi nel tempo
Non hai fatto questo quiz